| 000 | 00751nam a22002177a 4500 | ||
|---|---|---|---|
| 999 |
_c7933 _d7933 |
||
| 003 | AR-CdUCM | ||
| 008 | 190321b ||||| |||| 00| 0 spa d | ||
| 020 | _a84-03-12053-2 | ||
| 040 |
_aMUNICIPALIDAD PROVINCIAL DEL CUSCO _cBIBLIOTECA MUNICIPAL DEL CUSCO |
||
| 082 |
_a577 / _bL33 |
||
| 100 |
_aLeakey, L. S. B. _922416 |
||
| 245 |
_aHacia el desvelamiento del origen del hombre : _bDiez decenics de investigación sobre la evolución humana / |
||
| 260 |
_aEspaña : _bAguilár, _c1969. |
||
| 300 |
_a203 paginas ; _c18 cm. |
||
| 505 | _aContenido :Hacia el desvelamiento del origen del hombre. | ||
| 650 |
_aSeres humanos _921798 |
||
| 650 |
_aEvolución humana _922417 |
||
| 700 |
_aGoodall, V. M. _922418 |
||
| 942 |
_2ddc _cLIBROS |
||
| 945 | _arum | ||